Statistiken für Bandmitglieder Quiz - International 2

Klicken Sie hier um das Quiz zu spielen!

Allgemein

  • Dieses Quiz wurde 187 mal gespielt
  • Das Durchschnittsergebnis liegt bei 6 aus 22

Antwortstatistiken

MitgliederBand% Korrekt
Fergie, Will.I.Am, Apl.De.Ap, TabooThe Black Eyed Peas
66%
Styles, Payne, Horan, Malik, TomlinsonOne Direction
56%
Johnson, Young, Young, Rudd, WilliamsAC/DC
54%
Bennington, Shinoda, Hahn, Bourdon, Farrell, DelsonLinkin Park
53%
Levine, Carmichael, Madden, Dusick, ValentineMaroon 5
48%
Knowles, Rowland, WilliamsDestiny's Child
40%
White, WhiteThe White Stripes
36%
Stefani, Kanal, Young, DumontNo Doubt
33%
André 3000, Big BoiOutkast
33%
Carter, Dorough, Littrell, McLean, RichardsonBackstreet Boys
31%
Dickinson, Harris, Murray, Smith, Gers, McBrainIron Maiden
30%
Wilson, Wilson, Wilson, Jardine, LoveThe Beach Boys
24%
Clapton, Bruce, BakerCream
23%
Gahan, Gore, FletcherDepeche Mode
22%
Henley, Frey, Walsh, Schmit, FelderEagles
18%
Vedder, Ament, Gossard, McCready, CameronPearl Jam
16%
Yorke, O'Brien, Greenwood, Greenwood, SelwayRadiohead
14%
Albarn, Coxon, Rowntree, JamesBlur
12%
Rossi, Coghlan, Parfitt, Lynes, Bown, LancasterStatus Quo
12%
Strummer, Jones, Headon, Simonon, ChimesThe Clash
10%
Harry, Stein, Valentine, Burke, DestriBlondie
7%
Ross, Ballard, WilsonThe Supremes
2%

Verteilung der Resultate

Perzentil nach korrekt beantworteten Fragen

Anzahl Personen mit jedem Resultat

Ihre Resultats-Entwicklung

Sie haben dieses Quiz noch nicht gespielt